000 00489cam a22001457a 4500
008 180718b1998 xxu||||| |||| 00| 0 eng d
082 _aA81x54 91/1/Pt4A/C
100 _aCensus of India 1991
245 _aIndia: socio-cultural tables
260 _aDelhi
_bThe Controller of Publications
_c1998
300 _a2v
440 _aCensus of India 1991. Series-1, India. volume - 1, Part-IV A - C Series
500 _aContents: v.1, 359p.;v.2, 395p.
650 _aCensus - India - Social aspects
999 _c486591
_d486591